| 000 | 00729cab a2200229 4500 | ||
|---|---|---|---|
| 001 | WB3403-33 | ||
| 008 | 090401t1998 xxu||||| |||| 00| 0 eng d | ||
| 035 | _a(Sirsi) u83246 | ||
| 041 | _aeng | ||
| 245 | _aMilk output a shock | ||
| 260 | _c1998 | ||
| 350 | _a0 | ||
| 490 |
_aFarmers Guardian _v16 January 1998, 2(1) |
||
| 520 | _aThe latest milk production figures from the Intervention Board have shocked milk quota brokers, with the overall output so far this season being 143 million litres ahead of the same stage in 1996-97. | ||
| 650 | _aINTERVENTION BOARD | ||
| 650 | _aMILK PRODUCTION | ||
| 650 | _aMILK QUOTA BROKERS | ||
| 650 | _aOUTPUT | ||
| 690 | _aRURAL PRACTICE | ||
| 942 | _n0 | ||
| 948 | _c21/01/1998 | ||
| 999 |
_c52567 _d52567 |
||